000 00799nam a2200253Ia 4500
003 OSt
005 20220923211742.0
006 a|||||r|||| 00| 0
007 ta
008 220922b |||||||| |||| 00| 0 hin d
024 _a47,584
037 _cTextual
040 _aARTS
_cARTS
_bhin
041 _2hin
_ahin
082 _aP:1x, 152M0
100 _aशर्मा, राममूर्ति
245 0 _aध्वनि - सिद्धान्त
246 _aDhvani - siddhānta
260 _aदिल्ली
_b अजन्ता पब्लिकेशन्स
_c1980
300 _a215पृ.
_ccm.
650 _aहिन्दी भाषा
942 _hP:1x, 152M0
_cTEXL
_2CC
999 _c303182
_d303182